00307 a2200097 4500001000900000005001700009008004100026245006100067100002700128773005400155ART_758620260410161637.0260409a 10aInversiones extranjeras. Influencia del marco tributario1 aEdelstein, Andrés M.0 tConsultor tributariog- Nº 2 (abr. 2007)wREV474